000 00292nam a2200109Ia 4500
008 200302s9999 xx 000 0 und d
100 _aDenis Murphy
245 _a A Decent Place to Live Urban Poor in Asia
260 _bAsiian Coalition for Housing Rights
260 _c1990
300 _a130 P.,
999 _c5619
_d5619